01166nam a2200193Ia 4500001001100000003001000011008004100021040002500062041001300087100002000100245007200120250001100192260008900203300001200292500026000304501011400564520026000678650003400938L802-29921IT-CnALBA170116s9999||||xx |||||||||||||| ||und|| aIT-CnALBAcIT-CnALBA aITALIANO aCOLASANTO BRUNO 0aTEORIA DELL'ARTE. PANORAMA DI LETTERATURE CLASSICHE E LINGUISTICA.  a1a ed. a FIRENZE MESSINAbD'ANNA CASA EDITR. c1972 [1° Ed.:1972 - Ed.Ling.Originale: 1972] a285 p.  aTEORIA ARTE REDENZIONE. DALLA PAROLA AL PERIODO. DAL CONTENUTO ALLA FORMA. STRUTTURALISMO E TEORIA TEMPORALE. GENERI LETTERARI. EPICA. POEMA EROICOMICO. DEL COMICO. DRAMMA LIRICA PETRARCA. ARIOSTO. UMANESIMO RINASCIMENTO. BAROCCO. ROMANDICO. INDICE ONOMAS aSocietà San Paolo EM - Piazza San Paolo, 14 - 12051 ALBA (CN) (non commercial uses only) ® Copyright 2017 aTEORIA ARTE REDENZIONE. DALLA PAROLA AL PERIODO. DAL CONTENUTO ALLA FORMA. STRUTTURALISMO E TEORIA TEMPORALE. GENERI LETTERARI. EPICA. POEMA EROICOMICO. DEL COMICO. DRAMMA LIRICA PETRARCA. ARIOSTO. UMANESIMO RINASCIMENTO. BAROCCO. ROMANDICO. INDICE ONOMAS aMISCELLANEA SULLA LETTERATURA